Палеонтология: учебное пособие
| Päätekijä: | |
|---|---|
| Yhteisötekijä: | |
| Muut tekijät: | |
| Yhteenveto: | Заглавие с титульного экрана Электронная версия печатной публикации В пособии охарактеризованы важнейшие группы ископаемой флоры и фауны, имеющие наибольшее геологическое значение. Изложены общие положения и основные понятия палеонтологии, в том числе формы сохранности организмов, закономерности развития органического мира Земли, среда обитания, условия и образ жизни организмов, роль организмов в осадконакоплении и породообразовании, значение организмов в геологической летописи Земли. Предназначено для студентов очной и заочной форм обучения, а также аспирантов, преподавателей геологических специальностей, геологов и научных работников. Режим доступа: из корпоративной сети ТПУ |
| Kieli: | venäjä |
| Julkaistu: |
Томск, Изд-во ТПУ, 2012
|
| Aiheet: | |
| Linkit: | http://www.lib.tpu.ru/fulltext2/m/2013/m018.pdf |
| Aineistotyyppi: | MixedMaterials Elektroninen Kirja |
| KOHA link: | https://koha.lib.tpu.ru/cgi-bin/koha/opac-detail.pl?biblionumber=232897 |
MARC
| LEADER | 00000nlm0a2200000 4500 | ||
|---|---|---|---|
| 001 | 232897 | ||
| 005 | 20240207105607.0 | ||
| 035 | |a (RuTPU)RU\TPU\book\253955 | ||
| 090 | |a 232897 | ||
| 100 | |a 20130221d2012 m y0rusy50 ca | ||
| 101 | 0 | |a rus | |
| 102 | |a RU | ||
| 105 | |a a j 001zy | ||
| 135 | |a drcn ---uucaa | ||
| 181 | 0 | |a i | |
| 182 | 0 | |a b | |
| 200 | 1 | |a Палеонтология |e учебное пособие |f Э. Д. Рябчикова, И. В. Рычкова |g Национальный исследовательский Томский политехнический университет (ТПУ), Институт природных ресурсов (ИПР), Кафедра общей геологии и землеустройства (ОГЗ) | |
| 203 | |a Текст |c электронный | ||
| 210 | |a Томск |c Изд-во ТПУ |d 2012 | ||
| 300 | |a Заглавие с титульного экрана | ||
| 300 | |a Электронная версия печатной публикации | ||
| 330 | |a В пособии охарактеризованы важнейшие группы ископаемой флоры и фауны, имеющие наибольшее геологическое значение. Изложены общие положения и основные понятия палеонтологии, в том числе формы сохранности организмов, закономерности развития органического мира Земли, среда обитания, условия и образ жизни организмов, роль организмов в осадконакоплении и породообразовании, значение организмов в геологической летописи Земли. Предназначено для студентов очной и заочной форм обучения, а также аспирантов, преподавателей геологических специальностей, геологов и научных работников. | ||
| 333 | |a Режим доступа: из корпоративной сети ТПУ | ||
| 337 | |a Adobe Reader | ||
| 452 | 1 | |0 (RuTPU)RU\TPU\book\249560 |y 978-5-4387-0073-9 |t Палеонтология |o учебное пособие для вузов |f Э. Д. Рябчикова, И. В. Рычкова |g Национальный исследовательский Томский политехнический университет (ТПУ) |c Томск |n Изд-во ТПУ |d 2012 |p 136 с. |a Рябчикова, Элла Давыдовна | |
| 606 | 1 | |a Палеонтология |2 stltpush |3 (RuTPU)RU\TPU\subj\47998 |9 66880 | |
| 610 | 1 | |a электронный ресурс | |
| 610 | 1 | |a труды учёных ТПУ | |
| 610 | 1 | |a учебные пособия | |
| 610 | 1 | |a ископаемые организмы | |
| 610 | 1 | |a ископаемые животные | |
| 610 | 1 | |a ископаемые растения | |
| 610 | 1 | |a биномы | |
| 610 | 1 | |a классификация | |
| 610 | 1 | |a флора | |
| 610 | 1 | |a фауна | |
| 610 | 1 | |a сохранность | |
| 610 | 1 | |a среда обитания | |
| 610 | 1 | |a осадконакопление | |
| 610 | 1 | |a термины | |
| 675 | |a 56(075.8) |v 3 | ||
| 700 | 1 | |a Рябчикова |b Э. Д. |c российский геолог |c доцент Томского политехнического университета, кандидат геолого-минералогических наук |f 1941- |g Элла Давыдовна |3 (RuTPU)RU\TPU\pers\26291 | |
| 701 | 1 | |a Рычкова |b И. В. |c геолог |c доцент Томского политехнического университета, инженер, кандидат геолого-минералогических наук |f 1967- |g Ирина Владимировна |3 (RuTPU)RU\TPU\pers\24801 |9 11016 | |
| 712 | 0 | 2 | |a Национальный исследовательский Томский политехнический университет (ТПУ) |b Институт природных ресурсов (ИПР) |b Кафедра общей геологии и землеустройства (ОГЗ) |3 (RuTPU)RU\TPU\col\18663 |
| 801 | 1 | |a RU |b 63413507 |c 20110609 | |
| 801 | 2 | |a RU |b 63413507 |c 20130404 |g RCR | |
| 856 | 4 | |u http://www.lib.tpu.ru/fulltext2/m/2013/m018.pdf | |
| 942 | |c CF | ||